West Indian family structure. (Record no. 172798)
[ view plain ]
| 000 -LEADER | |
|---|---|
| fixed length control field | 00987cam4a220025300 4500 |
| 001 - CONTROL NUMBER | |
| control field | qce00419547 |
| 005 - DATE AND TIME OF LATEST TRANSACTION | |
| control field | 20190826203548.0 |
| 008 - FIXED-LENGTH DATA ELEMENTS--GENERAL INFORMATION | |
| fixed length control field | 720322s1962 waua b 000 0 eng |
| 010 ## - LIBRARY OF CONGRESS CONTROL NUMBER | |
| LC control number | 61014502 /L |
| 035 ## - SYSTEM CONTROL NUMBER | |
| System control number | (Sirsi) r107276 |
| 035 ## - SYSTEM CONTROL NUMBER | |
| System control number | (QCAT)lss00186290 |
| 035 ## - SYSTEM CONTROL NUMBER | |
| System control number | (UPRA)qce00419547 |
| 040 ## - CATALOGING SOURCE | |
| Modifying agency | UPRA |
| 050 0# - LIBRARY OF CONGRESS CALL NUMBER | |
| Classification number | HQ587.A2 |
| Item number | S57 |
| 100 1# - MAIN ENTRY--PERSONAL NAME | |
| Personal name | Smith, M. G. (Michael Garfield) |
| Fuller form of name | Smith, M. G. (Michael Garfield) |
| Linkage | A39622.1 |
| 245 10 - TITLE STATEMENT | |
| Title | West Indian family structure. |
| 260 ## - PUBLICATION, DISTRIBUTION, ETC. | |
| Place of publication, distribution, etc. | Seattle : |
| Name of publisher, distributor, etc. | University of Washington Press, |
| Date of publication, distribution, etc. | 1962. |
| 500 ## - GENERAL NOTE | |
| General note | At head of title: The American Ethnological Society, Viola E. Garfield, editor; a monograph from the Research Institute for the Study of Man. |
| 504 ## - BIBLIOGRAPHY, ETC. NOTE | |
| Bibliography, etc. note | Includes bibliographical references. |
| 650 #0 - SUBJECT ADDED ENTRY--TOPICAL TERM | |
| Topical term or geographic name entry element | Family -- West Indies, British. |
| Geographic subdivision | Family -- West Indies, British. |
| Linkage | S50326.1 |
| 710 2# - ADDED ENTRY--CORPORATE NAME | |
| Corporate name or jurisdiction name as entry element | American Ethnological Society. |
| Linkage | A65059.1 |
| 949 ## - LOCAL PROCESSING INFORMATION (OCLC) | |
| a | HQ587.A2 |
| w | lcc |
| i | -152815 |
| m | MAIN |
| t | BOOK |
| l | ON-SHELF |
No items available.